000 03482cam a22012254i 4500
003 PE-LiUPU
005 20250813185545.0
008 150706s r 000 0 d
020 _a9583361437
035 _a(Sirsi) i9789583361432
040 _aPE-LiUPU
_bspa
_cPE-LiUPU
_erda
049 _aPRUA
082 0 4 _a362.11
_bR51
_221
100 1 _aRiaño Gamboa, Germán,
_eautor.
245 1 0 _aAuditoría de la gestión en salud :
_bun reto a la excelencia en el nuevo milenio /
_cGermán Riaño Gamboa.
264 1 _aBogotá :
_bGrupo Ecomedios,
_c2004.
300 _a315 páginas :
_bilustraciones ;
_c24 centímetros
336 _atext
_2rdacontent
337 _aunmediated
_2rdamedia
338 _avolume
_2rdacarrier
504 _aIncluye bibliografía.
505 0 _aConceptos básicos al sistema de salud aplicados en salud -- La auditoría en salud -- La auditoría en salud como herramienta para evaluar la calidad -- Elementos de juicio en el manejo de la auditoría en salud -- Criterios de evaluación de la historia clínica en general -- Herramientas de gestión para el manejo de la auditoría -- Riesgos y dificultades en el ejercicio de la auditoría en salud -- Aportes de la auditoría en salud -- El perfil del nuevo auditor en salud -- Proceso de auditoría en salud -- Auditoría en promoción & prevención en salud.
526 _aP202
526 _aP201
526 _aP163
526 _aP162
526 _aP161
526 _aP160
526 _aP148
526 _aP147
526 _aP146
526 _aP145
526 _aP144
526 _aP143
526 _aP142
526 _aP141
526 _aP140
526 _aP139
526 _aP138
526 _aP137
526 _aP136
526 _aP135
526 _aP134
526 _aP133
526 _aP129
526 _aP128
526 _aP127
526 _aP120
526 _aP119
526 _aP118
526 _aP116
526 _aP115
526 _aP114
526 _aP110
526 _aP109
526 _aP108
526 _aP104
526 _aP103
526 _aP102
526 _aP99
526 _aP98
526 _aP97
526 _aP96
526 _aP95
526 _aP93
526 _aP90
526 _aP89
526 _aP88
526 _aP83
526 _aP82
526 _aP62
526 _aP59
526 _aP58
526 _aP57
526 _aP51
526 _aP49
526 _aP48
526 _aP47
526 _aP29
526 _aP24
526 _aP20
526 _aP19
526 _aP17
526 _aP15
526 _aP14
526 _aP12
526 _aP10
526 _aP09
526 _aP08
526 _aP07
526 _aP06
526 _aP05
526 _aP04
526 _aP01
541 _g015-0010421;
650 1 4 _aAdministración en salud
_zColombia.
650 2 4 _aContabilidad.
_9436
650 2 4 _aAuditoría médica.
910 _blch
_clch
_d2009
942 _2ddc
_cBOOK
949 _a362.11 R51
_wDEWEY
_c1
_i59714
_lCCODEBUL1
_mBUL
_p26.00
_r0
_sY
_tBOOK
_u2015-7-6
_xSALUD
_PP22
_0COMPRA
_o.STAFF. Colección General
994 _aC0
_bPEPRU
596 _a1
999 _a362.11 R51
_wDEWEY
_c49263
_i59714
_f2021-11-5
_g5
_lCCODEBUL1
_mBUL
_p26.00
_r0
_sY
_tBOOK
_u2015-7-6
_xBIBLIOTECA
_PP22
_0COMPRA
_o.STAFF. Colección General
_d49263
980 _81
_gALBERTO SANCHEZ Responsable de Automatización